000 00598nam a2200193Ia 4500
003 GCL
008 140319s9999 xx 000 0 eng d
040 _aGCL /
_cGCL
082 0 4 _aREF
_b050
_bE E
100 1 _aEGYPTIAN NATIONAL SCIENTIFIC AND TECHNIN
245 1 0 _aENSTINENT'S UNION LIST OF PERIODICALS IN EGYPT /
_cEGYPTIAN NATIONAL SCIENTIFIC AND TECHNIN
260 _a[S.N] :
_bACADEMY OF SCIENTIFIC RESEARCH AND TECHNOLOGY ،
_c1993
300 _a609
650 0 4 _aPERIODICALS
650 0 4 _aUNION LIST
650 0 4 _aUNION CATALOG
650 0 4 _aLIBRARIES - PERIODICALS
942 _2ddc
_cBK
999 _c19327
_d19327